Estudio de pre-factibilidad para la puesta en marcha de un taller textil de prendas femeninas a base de tejido a crochet en la ciudad de Managua en el periodo comprendido del 2018-2022
Taller Lady´s Crochet será una pequeña empresa que elaborará y comercializará prendas femeninas tejidas a base de la técnica de crochet, tejido artesanal que es equivalente a hecho a mano, es una de las técnicas antiguas que se utilizaban en prendas exclusivas y románticas. Se seleccionó el...
| Main Authors: | , , |
|---|---|
| Other Authors: | |
| Format: | Tesis Section = Libro |
| Language: | Undetermined Spanish |
| Published: |
Managua
UNI
2019
|
| Subjects: |
| LEADER | 01653nam a2200301Ia 4500 | ||
|---|---|---|---|
| 008 | 240830s9999 xx 000 0 und d | ||
| 040 | |a BIBLIOTECA-RUPAP Mon 658.11 V434 | ||
| 041 | |a spa | ||
| 082 | |a Mon 658.11 V434 | ||
| 100 | 1 | |a Velásquez Cabrera, Karla Danica | |
| 100 | 1 | |b Membreño Carranza, Heydi Lorena | |
| 100 | 1 | |c Oporta Salazar, Kersthyn de los Ángeles | |
| 245 | 1 | 0 | |a Estudio de pre-factibilidad para la puesta en marcha de un taller textil de prendas femeninas a base de tejido a crochet en la ciudad de Managua en el periodo comprendido del 2018-2022 |
| 260 | |a Managua |b UNI |c 2019 | ||
| 300 | |a 137 p. :il. | ||
| 500 | |a Contiene: anexos y CD. | ||
| 502 | |a Tesis (Ingeniero Industrial)- UNI, 2019. | ||
| 520 | 3 | |a Taller Lady´s Crochet será una pequeña empresa que elaborará y comercializará prendas femeninas tejidas a base de la técnica de crochet, tejido artesanal que es equivalente a hecho a mano, es una de las técnicas antiguas que se utilizaban en prendas exclusivas y románticas. Se seleccionó el nombre de taller Lady´s Crochet ya que será un taller de prendas para damas elaboradas por artesanas expertas en el ramo. El taller estará ubicado en la carretera norte, Barrio San José, del MITRAB 2 cuadras arriba perteneciente al distrito. | |
| 650 | 7 | |a NUEVOS NEGOCIOS- MANAGUA (NICARAGUA) | |
| 650 | 7 | |b ESTUDIO DE FACTIBILIDAD | |
| 650 | 7 | |c ESTUDIO DE MERCADO | |
| 650 | 7 | |d ESTUDIO ECONOMICO | |
| 650 | 7 | |e ESTUDIO FINANCIERO | |
| 650 | 7 | |f PRENDAS FEMENINAS- INDUSTRIA Y COMERCIO | |
| 700 | 1 | |a Tutor: |b Cáceres Antón, Juan Agustín | |
| 942 | |c BK |2 ddc | ||
| 991 | |a TESIS | ||
| 999 | |c 17012 | ||